[Event "San Jose Metropolitano U14 op 45th"]
[Site "San Jose"]
[Date "2024.12.27"]
[Round "1"]
[White "Gonzalez Perez, Osvaldo Andres"]
[Black "Espinoza Jimenez, Joselyn"]
[Result "1-0"]
[WhiteElo "1636"]
[BlackElo "1400"]
[PlyCount "65"]
[EventDate "2024.12.27"]
[EventType "tourn"]
[EventRounds "9"]
[EventCountry "CRI"]
[SourceTitle "CB02_2025"]
[SourceDate "2025.01.08"]
[SourceVersion "1"]
[SourceVersionDate "2025.01.08"]
[SourceQuality "1"]

1. e4 c5 2. Nf3 Nc6 3. d4 cxd4 4. Nxd4 g6 5. Nc3 Bg7 6. Be3 Nf6 7. f3 0-0 8. Be2 d6 9. 0-0 d5 10. Nxc6 bxc6 11. e5 Nd7 12. f4 Qe8 13. Bg4 f5 14. exf6 Nxf6 15. Bxc8 Rxc8 16. Bxa7 Qd7 17. Bc5 Qf5 18. Bxe7 Rfe8 19. Bxf6 Bxf6 20. g4 Qd7 21. f5 Qa7+ 22. Kh1 gxf5 23. Rxf5 Qg7 24. Qd2 Kh8 25. Raf1 Rf8 26. h3 Bxc3 27. Rxf8+ Rxf8 28. Rxf8+ Qxf8 29. Qxc3+ Kg8 30. Kg2 Qf4 31. Qe1 Qe4+ 32. Qxe4 dxe4 33. Kg3 1-0